| 000 | 01037cam a22002771 4500 | ||
|---|---|---|---|
| 001 | 30142 | ||
| 003 | BD-RjUL | ||
| 005 | 20211209051523.0 | ||
| 008 | 140409r19691963ilua b 001 0 eng | ||
| 035 | _a(BD-RjUL)30227 | ||
| 040 |
_aDLC _cDLC _dDLC _dBD-RjUL _beng |
||
| 041 | _aeng | ||
| 082 | 0 | 0 |
_a300.184 _bCAE 1969 |
| 100 | 1 |
_aCampbell, Donald T. _q(Donald Thomas), _d1916-1996. _991647 |
|
| 245 | 1 | 0 |
_aExperimental and quasi-experimental designs for research / _c[by] Donald T. Campbell [and] Julian C. Stanley. |
| 260 |
_aChicago : _bR. McNally, _c c1963 [printing 1969] |
||
| 300 |
_aix, 84 p. : _bill. ; _c24 cm. |
||
| 500 | _a"Originally appeared in N. L. Gage (editor), Handbook of research on teaching." | ||
| 504 | _aIncludes bibliographies and index. | ||
| 650 | 0 |
_aExperimental design. _991648 |
|
| 700 | 1 |
_aStanley, Julian C., _ejoint author. _991649 |
|
| 700 | 1 |
_aGage, N. L. _q(Nathaniel Lees), _d1917- _eed. _tHandbook of research on teaching. _991650 |
|
| 942 |
_2ddc _cBK |
||
| 999 |
_c30142 _d30142 |
||